01975nam a2200229Ia 4500003000400000005001700004008004100021040002100062041000800083082002800091111008000119245025700199260003100456300003200487500003700519505090200556650005401458650005801512650005701570650007201627650004601699OSt20210520120615.0210310s1973 eu fr 100 0 spa d aCO-JMCRcCO-JMCR0 aspa04a336.205098 /bC748p2232 aConferencia Interamericana sobre Tributaciónn(3ra : d1972 : cMéxico)13aLa política tributaria como instrumento del desarrollo : bdocumentos y conclusiones de la III Conferencia Interamericana sobre Tributación, México, D. F. 3-8 septiembre de 1972.cSecretaria General de la Organización de los Estados Americanos  aWashington : bOEA, c1973 av, 553 páginas ; c28 cm. aIncluye notas a pie de página.0 aConsideraciones preliminares de carácter conceptual y metodológico -- Algunos principios generales de la política tributaria --Las tareas de la política fiscal y tributaria a la luz de los problemas de desarrollo de América Latina -- La política tributaria en cuanto determinante del nivel y estructura de las importaciones -- La política tributaria en cuanto determinante del nivel y estructura del consumo -- La política tributaria en cuanto determinante de la productividad de la tierra -- La política tributaria en cuanto determinante de la combinación optima de los factores capital y trabajo -- La política tributaria en cuanto determinante de la distribución del ingreso -- La política tributaria en cuanto determinante del nivel y estructura de las inversiones -- Institucionalización del proceso de formulación e implementación de la política tributaria14aPolítica fiscalvCongresos, conferencias, etc..24aDesarrollo económicovCongresos, conferencias, etc.24aPolítica tributariavCongresos, conferencias, etc.24aReforma tributariavCongresos, conferencias, etc.zAmérica Latina24aImpuestosvCongresos, conferencias, etc..